000 00923cam a2200241 a 4500
001 000010633
005 20200929162249.0
008 820308s1967 pr ac 000 0 spa
035 _a(DLC) 68141970
040 _aDO-SdBNP
_bspa
_cBNPHU
_dDLC
050 0 0 _aPQ7439.O44
_bC8 1967
082 _aNN
_bO48c, 1967
100 1 _aOliver Frau, Antonio,
_d1902-
_925725
245 1 0 _aCuentos y leyendas del cafetal /
_cAntonio Oliver Frau ; con estudio biográfico-crítico de Margarita Vázquez de Rivera ; editor Emilio M. Colón.
250 _a2a. ed.
260 _aSan Juan, Puerto Rico, :
_bInstituto de Cultura Puertorriqueña,
_c1967.
300 _a332 p. :
_bil., port. ;
_c23 cm.
504 _aIncluye referencias bibliográficas y notas al pie de las páginas.
700 1 _aVázquez de Rivera, Margarita.
_925726
700 1 _aColón, Emilio M.,
_eed.
_94082
910 _aCatalogación por copia / LC
049 _aBNGR
999 _c10391
_d10391